000 01091pam a2200277 a 4500
001 2996292
003 ARRUPE
005 20220513083930.0
008 930409s1993 nyua b 001 0 eng
010 _a 93017597
020 _a0385471211 :
_c$12.95 ($16.95 Can.)
040 _aDLC
_cDLC
_dDLC
050 0 0 _aQP406
_b.R66 1993
082 0 0 _a612.8/2
_220
100 1 _aRose, Steven P. R.
_q(Steven Peter Russell),
_d1938-
_951565
245 1 4 _aThe making of memory :
_bfrom molecules to mind /
_cSteven Rose.
260 _aGreat Britain :
_bVintage Books,
_c2003.
300 _a355 p. :
_bill. ;
_c24 cm.
500 _aOriginally published: UK : Bantam, 1992.
504 _aIncludes bibliographical references (p. [329]-343) and index.
650 0 _aMemory.
856 4 2 _3Publisher description
_uhttp://www.loc.gov/catdir/description/random046/93017597.html
906 _a7
_bcbc
_corignew
_d1
_eocip
_f19
_gy-gencatlg
942 _2lcc
_cMONOGRAPH
999 _c131420
_d131420